000 00290nam a22001337a 4500
008 170213b xxu||||| |||| 00| 0 eng d
020 _a9780967539867
041 _aeng
080 _211ED
_a61
100 _a4
101 _aSHM
245 _aUNDERSTANDING DIABETES
_cCHASE
942 _2udc
_cBK
999 _c5239
_d5239